00968nam a2200301Ia 450000500170000000800410001702000180005810000240007624500670010025000180016730000250018549000200021050000340023053400230026465000330028765000370032065000370035765000410039470000300043594200150046526400370048033600270051733700330054433800280057704000350060508400110064099900150065120220317001507.0161108s2014 a g 000 f s  a97898756686901 aPamuk, Orhand1952-10aMe llamo rojocOrhan Pamuk ; traducción de Rafael Carpintero a1a. edición a611 páginasc19 cm aContemporánea aIncluye biografía del autor tBenim Adum Kirmizi142LEMBaNovela turcaySiglo XX142LEMBaLiteratura turcaySiglo XX142LEMBaIslamismo en la literatura142LEMBaImperio turco en la literatura1 aCarpintero, Rafael974298 2loccBKLIT aBuenos AiresbDebolsilloc[2014] atextobtxt2rdacontent asin mediaciónbn2rdamedia avolumenbnc2rdacarrier aCO-BoRNBPbspaerdacCO-BoRNBP aN PAM1 c7149d7149